Detalles MARC
| 000 -LIDER |
| fixed length control field |
01342nam a2200337 a 4500 |
| 001 - NÚMERO DE CONTROL |
| Identificador de número de control |
000000379 |
| 003 - IDENTIFICACDOR DE NÚMERO DE CONTROL |
| control field |
DO-SdBNP |
| 005 - DATE AND TIME OF LATEST TRANSACTION |
| control field |
20180323155054.0 |
| 007 - CAMPOS FIJOS DE DESCRIPCIÓN FÍSICA |
| fixed length control field |
000000379 |
| 008 - ELEMENTOS DE LONGITUD FIJA |
| fixed length control field |
081209s2006 dr a 000 0bspa d |
| 020 ## - ISBN |
| International Standard Book Number |
9993476552 |
| 040 ## - FUENTE DE CATALOGACIÓN |
| Agencia que crea de manera original el registro |
BPMSU |
| Idioma de catalogación |
spa |
| Agencia que realiza la transcripción |
BPMSU |
| 082 ## - NÚMERO DE CLASIFICACIÓN DECIMAL DE DEWEY |
| Classification number |
923.272939 |
| Item number |
M524C, 2002 |
| 100 1# - ASIENTO PRINCIPAL -- NOMBRE PERSONAL |
| Nombre personal |
Cassá, Roberto, |
| Fechas asociadas con el nombre |
1948- |
| 245 10 - MENCIÓN DE TITULO |
| Título |
Matías Ramón Mella : |
| Subtítulo |
el patriotismo hecho acción / |
| Mención de responsabilidad |
Roberto Cassá ; ilustración Ramiro Manzano, José Manuel Rodríguez. |
| 250 ## - MENCIÓN DE EDICION |
| Mención de edición |
3a ed. |
| 260 ## - PUBLICACIÓN, DISTRIBUCIÓN, ETC. (PIE DE IMPRENTA) |
| Lugar de publicación, distribución, etc |
Santo Domingo : |
| Nombre del editor, distribuidor, etc. |
Tobogán, |
| Fecha de publicación, distribución, etc |
2006 |
| 300 ## - DESCRIPCIÓN FÍSICA |
| Extensión |
49 p. : |
| Otros detalles físicos |
il. ; |
| Dimensiones |
20 cm. |
| 490 0# - MENCIÓN DE SERIES |
| Mención de serie |
Biografías dominicana Tobogán |
| 504 ## - NOTA DE BIBLIOGRAFÍA, ETC. |
| Bibliography, etc |
Bibliografía : p. 49. |
| 505 0# - NOTA DE CONTENIDO |
| Título |
Su dimensión -- |
| -- |
Iniciación revolucionaria -- |
| -- |
Hacia el 27 de febrero -- |
| -- |
De vuelta al Cibao -- |
| -- |
Con Santana -- |
| -- |
Misión en España -- |
| -- |
En la revolución de 1857 -- |
| -- |
Ruptura con Santana -- |
| -- |
Vicepresidente restaurador -- |
| -- |
Bibliografía. |
| 600 14 - ENCABEZAMIENTO DE MATERIA--NOMBRE PERSONAL |
| Nombre personal |
MELLA, MATÍAS RAMÓN, |
| Fechas asociadas con el nombre |
1816-1864 |
| 700 1# - ASIENTO SECUNDARIO -- NOMBRE PERSONAL |
| Nombre personal |
Rodríguez, José Manuel, |
| Mención de responsabilidad |
il. |
| 700 1# - ASIENTO SECUNDARIO -- NOMBRE PERSONAL |
| Nombre personal |
Manzano, Ramiro, |
| Mención de responsabilidad |
il. |
| 830 #0 - ASIENTO SECUNDARIO DE SERIE--TÍTULO UNIFORME |
| Título uniforme |
Biografías dominicana Tobogán |
| 910 ## - VALIDACIÓN |
| Validación |
Validado. Control de calidad MFF |
| 942 ## - ADDED ENTRY ELEMENTS (KOHA) |
| Source of classification or shelving scheme |
Dewey Decimal Classification |
| Koha item type |
Libros |
| 945 ## - INFORMACIÓN DE PROCESAMIENTO LOCAL |
| Información de procesamiento local |
Remanejado para la BNPHU / VM |
| 956 ## - LOCAL ELECTRONIC LOCATION AND ACCESS (OCLC) |
| Nombre de host |
TMEREDITH |
| Número de acceso |
10 |
| Información de compresión |
20090827 |
| Inicio de sesión |
BND01 |
| Procesador de solicitud |
0836 |
| 956 ## - LOCAL ELECTRONIC LOCATION AND ACCESS (OCLC) |
| Nombre de host |
VMATEO |
| Número de acceso |
10 |
| Información de compresión |
20150427 |
| Inicio de sesión |
BND01 |
| Procesador de solicitud |
00151 |